000 00582nam a22001817a 4500
999 _c186515
_d186515
005 20220308122304.0
010 _aENG-131874
020 _a9789389253023
_c399.00
035 _aEN-115406
037 _bDBAD/PUB
082 _a240
_b1
100 _aBhandari, Arvind
245 _aMahavir:
_bConqueror of the self/
_cArvind, bhandari
260 _bHachette book Publishing India pvt. Ltd
_aGurugram
_c2020
270 _a4th &5th Floors, Corporate Center plot no. 94 Sector 44,
_bGurugram
_e122003
300 _axiv,192p.
_c20cm(Pbk)
942 _2ddc
_cEN
_h240
_mBHA